50 000+ France Cities Map Quiz - Statistics

General Stats
  • This quiz has been taken 262 times
  • The average score is 75 of 120
Answers on the Map
Answers color-coded by a green-red scale on the quiz's map according to % correct below.
 
Answer Stats
Commune Région Population % Correct
Paris Île-de-France 2 187 526
98%
Bordeaux Nouvelle-Aquitaine 254 436
97%
Marseille Provence-Alpes-Côte d'Azur 863 310
97%
Lille Hauts-de-France 232 787
96%
Lyon Auvergne-Rhône-Alpes 516 092
96%
Nantes Pays de la Loire 309 346
96%
Nice Provence-Alpes-Côte d'Azur 340 017
96%
Rennes Bretagne 216 815
96%
Strasbourg Grand Est 280 966
96%
Toulouse Occitanie 479 553
96%
Brest Bretagne 140 064
94%
Dijon Bourgogne-Franche-Comté 156 920
94%
Calais Hauts-de-France 73 911
93%
Le Havre Normandie 170 147
93%
Montpellier Occitanie 285 121
93%
Orléans Centre-Val de Loire 116 685
92%
Clermont-Ferrand Auvergne-Rhône-Alpes 143 886
91%
Grenoble Auvergne-Rhône-Alpes 158 454
91%
Saint-Étienne Auvergne-Rhône-Alpes 172 565
91%
Nancy Grand Est 104 286
90%
Reims Grand Est 182 460
90%
Caen Normandie 105 354
89%
Metz Grand Est 116 429
89%
Rouen Normandie 110 145
89%
Toulon Provence-Alpes-Côte d'Azur 171 953
88%
Perpignan Occitanie 120 158
87%
Tours Centre-Val de Loire 135 787
87%
Aix-en-Provence Provence-Alpes-Côte d'Azur 142 482
84%
Cannes Provence-Alpes-Côte d'Azur 73 868
84%
Le Mans Pays de la Loire 142 946
84%
Limoges Nouvelle-Aquitaine 132 175
84%
Angers Pays de la Loire 152 960
83%
Nîmes Occitanie 150 610
83%
Amiens Hauts-de-France 134 057
82%
Versailles Île-de-France 85 862
82%
Saint-Denis Île-de-France 111 135
81%
Avignon Provence-Alpes-Côte d'Azur 91 921
80%
Mulhouse Grand Est 109 443
80%
Annecy Auvergne-Rhône-Alpes 126 924
79%
Besançon Bourgogne-Franche-Comté 115 934
79%
La Roche-sur-Yon Pays de la Loire 54 372
79%
Pau Nouvelle-Aquitaine 77 130
77%
Quimper Bretagne 62 985
75%
Poitiers Nouvelle-Aquitaine 88 291
74%
La Rochelle Nouvelle-Aquitaine 75 735
73%
Villeurbanne Auvergne-Rhône-Alpes 147 712
73%
Colmar Grand Est 69 105
72%
Roubaix Hauts-de-France 96 990
72%
Troyes Grand Est 61 652
72%
Boulogne-Billancourt Île-de-France 120 071
71%
Dunkerque Hauts-de-France 87 353
71%
Valence Auvergne-Rhône-Alpes 63 714
70%
Cherbourg-en-Cotentin Normandie 79 200
69%
Ajaccio Corse 70 659
68%
Antibes Provence-Alpes-Côte d'Azur 72 999
67%
Béziers Occitanie 77 177
67%
Saint-Nazaire Pays de la Loire 69 993
66%
Chambéry Auvergne-Rhône-Alpes 58 919
64%
Montreuil Île-de-France 109 897
64%
Nanterre Île-de-France 95 105
64%
Lorient Bretagne 57 149
63%
Narbonne Occitanie 54 700
63%
Tourcoing Hauts-de-France 97 368
63%
Argenteuil Île-de-France 110 210
61%
Bayonne Nouvelle-Aquitaine 51 228
61%
Bourges Centre-Val de Loire 64 551
61%
Créteil Île-de-France 90 605
61%
Vannes Bretagne 53 352
60%
Arles Provence-Alpes-Côte d'Azur 52 548
58%
Montauban Occitanie 60 810
57%
Beauvais Hauts-de-France 56 254
56%
Niort Nouvelle-Aquitaine 58 707
54%
Évry-Courcouronnes Île-de-France 67 967
52%
Fréjus Provence-Alpes-Côte d'Azur 52 672
50%
Issy-les-Moulineaux Île-de-France 68 451
49%
Saint-Quentin Hauts-de-France 53 816
49%
Cergy Île-de-France 65 177
47%
Hyères Provence-Alpes-Côte d'Azur 55 588
47%
Ivry-sur-Seine Île-de-France 62 052
47%
Mérignac Nouvelle-Aquitaine 70 105
47%
Neuilly-sur-Seine Île-de-France 60 361
47%
Clichy Île-de-France 61 070
46%
Pessac Nouvelle-Aquitaine 63 808
45%
Antony Île-de-France 62 570
44%
Villeneuve-d'Ascq Hauts-de-France 63 408
44%
Vitry-sur-Seine Île-de-France 93 557
44%
Meaux Île-de-France 54 991
43%
Vénissieux Auvergne-Rhône-Alpes 65 894
43%
Aubervilliers Île-de-France 86 375
42%
Colombes Île-de-France 85 177
42%
La Seyne-sur-Mer Provence-Alpes-Côte d'Azur 63 936
42%
Aulnay-sous-Bois Île-de-France 85 740
41%
Grasse Provence-Alpes-Côte d'Azur 50 396
41%
Asnières-sur-Seine Île-de-France 85 191
39%
Bobigny Île-de-France 53 640
39%
Drancy Île-de-France 71 318
39%
Cholet Pays de la Loire 53 917
38%
Noisy-le-Grand Île-de-France 68 183
37%
Pantin Île-de-France 57 482
37%
Sarcelles Île-de-France 58 587
37%
Courbevoie Île-de-France 81 719
36%
Champigny-sur-Marne Île-de-France 77 630
35%
Massy Île-de-France 50 833
34%
Rueil-Malmaison Île-de-France 78 152
34%
Saint-Maur-des-Fossés Île-de-France 74 859
34%
Levallois-Perret Île-de-France 64 379
33%
Villejuif Île-de-France 54 753
32%
Saint-Ouen-sur-Seine Île-de-France 51 108
31%
Bondy Île-de-France 53 353
30%
Corbeil-Essonnes Île-de-France 51 292
29%
Montrouge Île-de-France 50 260
29%
Cagnes-sur-Mer Provence-Alpes-Côte d'Azur 50 928
28%
Clamart Île-de-France 52 971
23%
Épinay-sur-Seine Île-de-France 55 084
23%
Fontenay-sous-Bois Île-de-France 52 939
23%
Le Blanc-Mesnil Île-de-France 56 783
22%
Sartrouville Île-de-France 51 967
22%
Sevran Île-de-France 51 016
22%
Chelles Île-de-France 54 917
20%
Maisons-Alfort Île-de-France 55 655
20%
No matching quizzes found
Score Distribution
Percent of People with Each Score
Percentile by Number Answered
Your Score History
You have not taken this quiz